Configuration and customisation of Uportal (Record no. 2646)

MARC details
000 -LEADER
fixed length control field 00330nam a2200121Ia 4500
008 - FIXED-LENGTH DATA ELEMENTS--GENERAL INFORMATION
fixed length control field 130320s9999 xx 000 0 und d
100 ## - MAIN ENTRY--PERSONAL NAME
Personal name Afsal Rahim
245 ## - TITLE STATEMENT
Title Configuration and customisation of Uportal
502 ## - DISSERTATION NOTE
Degree type PGDIT
Name of granting institution 2004- 2005
Year degree granted INT
-- Srivathsan K.R
650 ## - SUBJECT ADDED ENTRY--TOPICAL TERM
Topical term or geographic name entry element POLICE PORTAL
650 ## - SUBJECT ADDED ENTRY--TOPICAL TERM
Topical term or geographic name entry element KISSAN
700 ## - ADDED ENTRY--PERSONAL NAME
Personal name Ani T Nair
Holdings
Withdrawn status Lost status Damaged status Not for loan Home library Current library Date acquired Total Checkouts Barcode Date last seen Price effective from Koha item type
        IIITM-K Kerala University of Digital Sciences, Innovation and Technology Knowledge Centre 20/03/2013   R-58 20/03/2013 20/03/2013 Project Reports